| 000 -CABECERA |
| campo de control de longitud fija |
00773nam a22002057a 4500 |
| 005 - FECHA Y HORA DE LA ÚLTIMA TRANSACCIÓN |
| campo de control |
20251119194645.0 |
| 008 - DATOS DE LONGITUD FIJA--INFORMACIÓN GENERAL |
| campo de control de longitud fija |
251119b ||||| |||| 00| 0 eng d |
| 020 ## - NÚMERO INTERNACIONAL ESTÁNDAR DEL LIBRO |
| ISBN |
978-612-4344-20-6 |
| 040 ## - FUENTE DE LA CATALOGACIÓN |
| Centro catalogador/agencia de origen |
CENDOC CAAAP |
| Lengua de catalogación |
spa |
| Centro/agencia transcriptor |
CAAAP |
| 041 ## - CÓDIGO DE LENGUA |
| Código de lengua del texto/banda sonora o título independiente |
spa |
| 050 ## - SIGNATURA TOPOGRÁFICA DE LA BIBLIOTECA DEL CONGRESO |
| Número de clasificación |
GA 341 |
| Número de documento/Ítem |
.C37 |
| 110 1# - ENTRADA PRINCIPAL--NOMBRE DE ENTIDAD CORPORATIVA |
| 9 (RLIN) |
5638 |
| Nombre de entidad corporativa o nombre de jurisdicción como elemento de entrada |
Sociedad Geográfica de Lima |
| 245 10 - MENCIÓN DE TÍTULO |
| Título |
Cartografiando historias : |
| Subtitulo |
la frontera de Perú y Ecuador a través de los mapas |
| Mención de responsabilidad, etc. |
Sociedad Geográfica de Lima |
| 250 ## - MENCIÓN DE EDICIÓN |
| Mención de edición |
1ra edición |
| 260 #1 - PUBLICACIÓN, DISTRIBUCIÓN, ETC. |
| Lugar de publicación, distribución, etc. |
Lima, Perú : |
| Nombre del editor, distribuidor, etc. |
Plan Binacional de Desarrollo de la Región Fronteriza Perú, |
| Fecha de publicación, distribución, etc. |
2024 |
| 300 ## - DESCRIPCIÓN FÍSICA |
| Extensión |
274 páginas : |
| Otras características físicas |
fotografías, |
| Dimensiones |
20 x 25 cm |
| 650 #0 - PUNTO DE ACCESO ADICIONAL DE MATERIA--TÉRMINO DE MATERIA |
| 9 (RLIN) |
2129 |
| Término de materia o nombre geográfico como elemento de entrada |
Cartografía |
| Subdivisión de forma |
Historia |
| Subdivisión geográfica |
Perú |
| 650 #0 - PUNTO DE ACCESO ADICIONAL DE MATERIA--TÉRMINO DE MATERIA |
| 9 (RLIN) |
410 |
| Término de materia o nombre geográfico como elemento de entrada |
Fronteras |
| Subdivisión general |
Mapas históricos |
| Subdivisión geográfica |
Ecuador |
| 942 ## - ELEMENTOS PERSONALIZADOS KOHA |
| Fuente del sistema de clasificación o colocación |
|
| Fecha de catalogación |
DD - MM - AA |